Sun-earth plasma connections (Record no. 15797)

MARC details
000 -LEADER
fixed length control field 00726nam a2200217Ia 4500
003 - CONTROL NUMBER IDENTIFIER
control field IN-BaIIA
008 - FIXED-LENGTH DATA ELEMENTS--GENERAL INFORMATION
fixed length control field 211028s9999 xx 000 0 eng d
020 ## - INTERNATIONAL STANDARD BOOK NUMBER
International Standard Book Number 0-87590-092-5
040 ## - CATALOGING SOURCE
Transcribing agency IIA Library
080 ## - UNIVERSAL DECIMAL CLASSIFICATION NUMBER
Universal Decimal Classification number 523.726
Item number SUN
245 #0 - TITLE STATEMENT
Title Sun-earth plasma connections
Statement of responsibility, etc. edited by J. L. Burch, R. L. Carovillano and S. K. Antiocho
260 ## - PUBLICATION, DISTRIBUTION, ETC.
Place of publication, distribution, etc. Washington
Name of publisher, distributor, etc. American Geophysical Union
Date of publication, distribution, etc. 1999
300 ## - PHYSICAL DESCRIPTION
Extent vii, 273p.
490 ## - SERIES STATEMENT
Series statement Geophysical monograph; 109
650 ## - SUBJECT ADDED ENTRY--TOPICAL TERM
Topical term or geographic name entry element Space Plasma
9 (RLIN) 15003
650 ## - SUBJECT ADDED ENTRY--TOPICAL TERM
Topical term or geographic name entry element Sun
9 (RLIN) 1200
650 ## - SUBJECT ADDED ENTRY--TOPICAL TERM
Topical term or geographic name entry element Sun-Earth plasma connections
9 (RLIN) 29109
700 ## - ADDED ENTRY--PERSONAL NAME
Personal name Antiocho, S. K., ed.
9 (RLIN) 29110
700 ## - ADDED ENTRY--PERSONAL NAME
Personal name Carovillano, R. L., ed.
9 (RLIN) 5805
942 ## - ADDED ENTRY ELEMENTS (KOHA)
Koha item type Books
952 ## - LOCATION AND ITEM INFORMATION (KOHA)
-- 67.00
Holdings
Withdrawn status Lost status Damaged status Not for loan Home library Current library Shelving location Date acquired Source of acquisition Total Checkouts Full call number Barcode Date last seen Date last checked out Price effective from Koha item type
        IIA Library-Bangalore IIA Library-Bangalore General Stacks 10/01/2005 AGU 1 523.726/ SUN 16719 16/05/2023 02/02/2023 10/01/2005 Books

Powered by Koha